One Piece - personnages présentés dans l'arc Baggy le clown - Statistiques

Statistiques générales
  • Ce quiz a été pris 180 fois
  • Le résultat moyen est 4 sur 6
Statistiques - réponses
Réponse % Correct
baggy le clown
99%
Nami
89%
Morge le dresseur de fauves
72%
Cabaji l'acrobate
69%
chouchou
63%
Boodle
25%
Aucun quiz correspondant
Distribution des résultats
% des personnes avec chaque résultat
Percentile par nombre de réponses
Votre historique - résultats
Vous n’avez pas pris ce quiz